Máquinas de enseñar

Saved in:
Bibliografiske detaljer
Hovedforfatter: Planque, Bernard (Author)
Format: Bog
Sprog:spansk
Udgivet: Barcelona Plaza & Janés 1970
Serier:Tribuna
Fag:
Tags: Tilføj Tag
Ingen Tags, Vær først til at tagge denne postø!

MARC

LEADER 00000nam a2200000 a 4500
001 UCU0899
003 CL-VaPUC
008 960329e19700000SP |||||||||||||||||spa|d
082 0 4 |a 371.394  |b PLA  |2 21 
100 0 |a Planque, Bernard  |e author  |9 356377 
245 1 0 |a Máquinas de enseñar 
300 |a 289 p 
942 |c BK 
945 |d 19960329 00:00:00  |a cmena 
260 |a Barcelona  |b Plaza & Janés  |c 1970 
650 7 |a ENSEÑANZA PROGRAMADA  |2 CL-VaPUC  |9 263217 
650 7 |a MAQUINAS DE ENSEÑAR  |2 CL-VaPUC  |9 308948 
650 0 |a Tecnología educacional  |9 307265 
583 |a last modification  |c 19960329 00:00:00  |k Rodrigo Vera 
490 0 |a Tribuna 
999 |c 245677  |d 245675 
952 |0 0  |1 0  |4 0  |6 371_394000000000000_PLA_1970  |7 0  |8 P  |9 260264  |a BIBEDU  |b BIBEDU  |c BIBEDU_PB  |d 2019-11-19  |i 1638343  |o 371.394 PLA 1970  |p 1638343  |r 2024-01-25  |w 2019-11-19  |y BK  |k EDU